000 00456nam a2200181Ia 4500
001 703
005 20260306140537.0
008 260306t2008||||xx |||||||||||||| ||spa||
041 _aESP
082 _a142.7
_bH97C
100 _aHusserl, Edmund
_eAUT
245 0 _aLa crisis de las ciencias europeas y la fenomenologĂ­a trascendental
260 _c2008
300 _a308 páginas :
_c21 cm.
650 _aGEN
654 _aCHU
942 _cLIB
_dJUS
_fJUS
_2ddc
_n
999 _c703
_d703